| 000 | 00687nas a2200241 4500 | ||
|---|---|---|---|
| 001 | BR9213011 | ||
| 003 | BR-BrBNA | ||
| 005 | 20231205095208.0 | ||
| 007 | ta | ||
| 008 | 230509b bl.|||p| |||| 00| 00por d | ||
| 040 |
_aBR-BrBNA _bpor _cBiblioteca Nacional de Agricultura |
||
| 041 | _a(Pt) | ||
| 072 | _aN20 | ||
| 100 | 1 | _aSantos, J.M.F. dos | |
| 245 | 1 | _aAviacao agricola: tecnologia e eficiencia sem contra-indicacao | |
| 650 | _aAviao | ||
| 650 | _aAviacao Agricola | ||
| 650 | _aDefensivo | ||
| 650 | _aPulverizacao | ||
| 773 | 0 |
_tMaquinaria Agricola (Brazil) _x _g(Jul 1990), v. 5(3) p. 2-3 _wBR9213011 |
|
| 909 |
_a202311 _bLúcia _c55 _dLúcia Elande |
||
| 942 |
_2AGRIS _n0 _cANA |
||
| 999 |
_c149217 _d149217 |
||